000
00243nam a2200097Ia 4500
001
721683
005
20250826163257.0
008
250824s9999 xx 000 0 und d
245
0
_a
YABANİ
_c
Yazar Adı Belirtilmemiş
260
_b
PANAMA YAYINLARI
999
_c
721683
_d
721683